000 00829nam a22002772a 4500
001 3917
003 BD-RjUL
005 20211208233812.0
008 131221s1950 nyu b 001 0 eng d
035 _aOCLC ocm00543685 from D950609M
_a(BD-RjUL)3951
040 _aDLC
_cKSU
_dSER
_dUKM
_dEQO
_dBD-RjUL
_beng
041 _aeng
082 0 0 _a332.67
_bDOI 1950
100 1 _aDowrie, George William,
_d1880-
_912486
245 1 0 _aInvestments /
_cGeorge W. Dowrie [and] Douglas R. Fuller.
250 _a2d ed.
260 _aNew York :
_bWiley,
_c1950.
300 _aviii, 611 p. ;
_c24 cm
504 _aIncludes "Supplementary readings."
504 _aIncludes index.
650 0 _aInvestments.
_912487
700 1 _aFuller, Douglas Raymond,
_d1909-
_912488
942 _2ddc
_cBK
999 _c3917
_d3917